Challenges of globalization (Record no. 486527)

000 -LEADER
fixed length control field 00400cam a22001457a 4500
008 - FIXED-LENGTH DATA ELEMENTS--GENERAL INFORMATION
fixed length control field 180718b1998 xxu||||| |||| 00| 0 eng d
020 ## - INTERNATIONAL STANDARD BOOK NUMBER
International Standard Book Number 8122005217
082 ## - DEWEY DECIMAL CLASSIFICATION NUMBER
Classification number T39 D354
245 ## - TITLE STATEMENT
Title Challenges of globalization
Statement of responsibility, etc. edited by Bibek Debroy
260 ## - PUBLICATION, DISTRIBUTION, ETC.
Place of publication, distribution, etc. New Delhi
Name of publisher, distributor, etc. Konark
Date of publication, distribution, etc. 1998
300 ## - PHYSICAL DESCRIPTION
Extent 492p.
650 ## - SUBJECT ADDED ENTRY--TOPICAL TERM
Topical term or geographic name entry element International economic relations
650 ## - SUBJECT ADDED ENTRY--TOPICAL TERM
Topical term or geographic name entry element Globalization
700 ## - ADDED ENTRY--PERSONAL NAME
Personal name Debroy, Bibek
Holdings
Withdrawn status Lost status Damaged status Not for loan Permanent Location Current Location Date acquired Full call number Barcode Date last seen Price effective from Koha item type
        Indian Institute of Public Administration Indian Institute of Public Administration 2018-08-04 T39 D354 GR17626 2018-08-04 2018-08-04 GR

Powered by Koha